00722cam a2200193 a 4500001000800000005001700008008004100025010001700066020003600083040001800119050002300137100002100160245012300181260005900304300003200363504006600395650001400461650005300475215686620161220142401.0990122s1999 ohua b 001 0 eng  a 99019159  a0814208223 (cloth : alk. paper) aDLCcDLCdDLC00aNK3610 b.K46 19991 aKendrick, Laura.10aAnimating the letter :bthe figurative embodiment of writing from late antiquity to the Renaissance /cLaura Kendrick. aColumbus, Ohio :bOhio State University Press,cc1999. aix, 326 p.:bill. ;c24 cm. aIncludes bibliographical references (p. 227-309) and indexes. 0aInitials. 0aIllumination of books and manuscripts, Medieval.